000 00772nam a2200265Ia 4500
003 OSt
005 20230830102558.0
008 210716s2014 xx 000 0 und d
020 _a9788122434385
040 _cAIMIT LIBRARY
041 _aeng
082 _a005.44
_21
_bKOTD
100 _aKothari, D P.
_9131518
245 _aLinux /
_cBy D P Kothari...[et.al.].
250 _a1
260 _aNew Delhi
_bNew Age International Pvt Ltd
_c2014
300 _axiii,132 p.;
_bPB
_c25 cm.
650 _aFiles and permissionc
_9131519
650 _ashell programming
_9131520
650 _aEditors in linux
_9131521
700 _aVasudevan, Shriram K.
_9131522
700 _aR M D, Sundaram.
_9131523
700 _aSubashri, V..
_9131524
942 _2ddc
_cBK
_k005.44 KOTD
999 _c194356
_d194356